[Event "11th Chennai Open-GM 2019"]
[Site "Chennai"]
[Date "2019.01.25"]
[Round "10"]
[White "Sahoo, Utkal Ranjan"]
[Black "Tran, Tuan Minh"]
[Result "0-1"]
[WhiteElo "2388"]
[BlackElo "2541"]
[Annotator "TA"]
[PlyCount "90"]
[EventDate "2019.01.18"]
[EventType "swiss"]
[EventCountry "IND"]
[SourceTitle "playchess.com"]
[Source "ChessBase"]
[SourceQuality "1"]

{[%evp 26,90,8,-7,0,0,0,-3,0,0,0,-13,7,8,16,26,16,27,24,8,33,13,23,0,0,0,0,0,0,0,0,-21,-36,-81,-81,-114,-112,-143,-141,-420,-400,-395,-81,-494,-33,-396,-107,-130,-106,-95,-59,-100,-45,-57,0,0,-3,-20,19,-14,0,-757,492,-856,-57,-345,-358]} 1. d4 Nf6 2. c4 e6 3. Nf3 b6 4. Nc3 Bb4 5. Qc2 Bb7 6. a3 Bxc3+ 7. Qxc3 O-O 8. Bg5 h6 9. Bh4 d6 10. Nd2 Nbd7 11. f3 c5 {E32: Nimzo-Indian: Classical (4 Qc2): 4...0-0} 12. e3 Rc8 13. dxc5 Rxc5 14. b4 {LiveBook: 8 Games} Rc7 {[#]} 15. Qd4 $146 ({Predecessor:} 15. Qb2 Qe7 16. Be2 {½-½ (55) Johannessen,L (2551)-Baklan,V (2622) Germany 2007}) 15... Qe7 16. Be2 e5 17. Qb2 Rfc8 18. O-O Qe6 19. Rac1 d5 20. cxd5 Nxd5 21. Rxc7 Rxc7 22. Bc4 {[#] Hoping for e4.} b5 23. Bb3 Qc6 24. Bf2 Qc3 $36 {[%mdl 2048] Black has some pressure.} 25. Qxc3 Rxc3 26. e4 Nf4 27. Bxa7 Ne2+ 28. Kf2 Nc1 $1 {[%cal Rc1b3]} 29. Rd1 Nf6 30. Bd5 Nd3+ 31. Kg1 Nxd5 32. Ra1 $2 {[%mdl 8192] [#]} (32. exd5 $17 Bxd5 33. Ra1) 32... Rc2 $19 33. exd5 Bxd5 $2 (33... Rxd2 $19 34. d6 Nf4) 34. Kf1 $2 {[%mdl 8192]} (34. Nf1 $17 {is tougher.}) 34... Nf4 $2 (34... Rxd2 $19 35. h4 Rc2) 35. Ne4 $2 {[%mdl 8192]} (35. Be3 $15) 35... f5 $2 (35... Rxg2 $19 {and Black stays clearly on top.} 36. Nd6 Bxf3) 36. Nf2 $17 Bc4+ 37. Kg1 Kh8 38. Kh1 Ne2 (38... Re2 $17 {White must now prevent ...e4.} 39. Rd1 e4 40. fxe4 fxe4) 39. h4 e4 ({Black should play} 39... Kh7 $15) 40. fxe4 $11 fxe4 41. Rd1 h5 42. Nh3 Ra2 43. Nf4 $2 {[%mdl 8192]} (43. Rd8+ $11 Kh7 44. Rd6) 43... Nd4 $4 {[%mdl 8192]} (43... Nxf4 $19 44. Rd8+ Kh7) 44. Rd2 $4 {[%mdl 8192]} ({Resist} 44. Bxd4 Rxa3 45. Re1 Bd3 $18) (44. Rxd4 $18 Rxa3 45. Bc5 (45. Nxh5 Rxa7 46. Rxe4 Ra4 $11)) 44... Nc2 $2 (44... Rxd2 $19 45. Nxh5 e3) 45. Rxc2 $2 {[%mdl 8192]} ({White should try} 45. Rd7 $15) 45... Rxc2 {Precision: White = 31%, Black = 31%.} 0-1

[Event "11th Chennai Open-GM 2019"]
[Site "Chennai"]
[Date "2019.01.25"]
[Round "10"]
[White "Saravanan, V.."]
[Black "Laxman, R.R."]
[Result "1/2-1/2"]
[WhiteElo "2318"]
[BlackElo "2421"]
[Annotator "TA"]
[PlyCount "72"]
[EventDate "2019.01.18"]
[EventType "swiss"]
[EventCountry "IND"]
[SourceTitle "playchess.com"]
[Source "ChessBase"]
[SourceQuality "1"]

{[%evp 18,72,18,12,24,14,23,35,45,0,0,0,0,0,0,-3,37,33,61,36,33,31,73,4,7,0,0,0,0,0,0,0,13,0,13,17,17,17,27,16,13,0,0,0,0,0,0,-28,-10,-12,0,-37,14,18,58,49,71]} 1. Nf3 Nf6 2. c4 b6 3. g3 Bb7 4. Bg2 e6 5. O-O Be7 6. Nc3 O-O 7. Re1 d5 8. cxd5 exd5 9. d4 Na6 10. Bf4 Nh5 {E17: Queen's Indian: 4 g3 Bb7 5 Bg2 Be7} (10... Re8 11. Rc1 c5 12. dxc5 Nxc5 13. Nd4 a6 14. a3 Bf8 15. b4 Ne6 16. Nxe6 fxe6 17. Na4 Rc8 18. Rxc8 Qxc8 19. Qd4 b5 {0-1 (82) Nakamura,H (2787)-Carlsen,M (2853) chess.com INT 2016}) 11. Be3 c6 12. Ne5 Bd6 13. f4 $146 {[%cal Bf2f4,Bf4e5][%mdl 32]} ({You set blue moves yourself with the critical opening position annotation.:} 13. Bf3 Nf6 14. Bg5 Re8 15. Nd3 h6 16. Bxf6 Qxf6 17. e3 Rad8 18. Bg2 {1-0 (49) Kallai,G (2459)-Takacs,B (2386) Hungary 2015}) 13... f6 14. Nd3 {[#] aiming for g4.} f5 15. Ne5 Nf6 16. Rc1 Nc7 17. Qc2 $1 Bxe5 18. fxe5 Ne4 19. Rf1 {[%cal Rc3e4]} Ne6 20. Bh3 (20. Qb3 $16) 20... g6 $11 21. Nxe4 dxe4 22. Qb3 Qd5 23. Qxd5 cxd5 24. Rc2 h5 25. Bf2 Rac8 26. Rfc1 $1 Rxc2 27. Rxc2 Rc8 28. Rxc8+ Bxc8 {[%mdl 4096] General book An&L&L-An&L&W} 29. e3 Ba6 30. Be1 Kf7 31. Kf2 Bc4 32. a3 Nd8 33. Bg2 g5 34. h4 gxh4 (34... g4 $15) 35. gxh4 Kg6 36. Bh3 Ne6 {NOTEXT-4805: Tournament = 59%, Annotator = 34%.} 1/2-1/2

[Event "11th Chennai Open-GM 2019"]
[Site "Chennai"]
[Date "2019.01.25"]
[Round "10"]
[White "Ameir, Moheb"]
[Black "Czebe, Attila"]
[Result "0-1"]
[WhiteElo "2309"]
[BlackElo "2418"]
[Annotator "TA"]
[PlyCount "174"]
[EventDate "2019.01.18"]
[EventType "swiss"]
[EventCountry "IND"]
[SourceTitle "playchess.com"]
[Source "ChessBase"]
[SourceQuality "1"]

{[%evp 20,174,29,26,34,22,77,46,61,52,52,52,47,42,58,0,0,0,0,0,6,0,8,-51,-44,-26,-18,-56,-53,-57,-66,-158,-78,-82,-28,-18,-26,-41,-39,-75,-64,-62,-57,-64,-65,-65,-65,-65,-65,-64,-64,-70,0,-64,-57,-57,-57,-65,-57,-64,-57,-64,-57,-64,-54,-60,-37,-41,-31,-31,-26,-31,-31,-31,-34,-33,-31,-32,-30,-32,-32,-47,-31,-31,-19,-41,-57,-211,-198,-202,-197,-171,-74,-88,-91,-92,-62,-71,-53,-59,-29,-29,-27,-27,-27,-29,-26,-24,-22,-31,-32,-54,-54,-66,-59,-120,-117,-451,-451,-485,-484,-475,-460,-600,-620,-585,-573,-5043,-3386,-12801,-12800,-29948,-12838,-12847,-12753,-12798,-12831,-12842,-11473,-9716,-5335,-1525,-962,-29955,-29955,-29954,-29957,-29968,-29955,-29953,-29954,-29965,-29964,-29959,-12580,-5925,-5556]} 1. e4 c5 2. Nf3 e6 3. d4 cxd4 4. Nxd4 a6 5. Bd3 Ne7 6. c4 Nbc6 {B42: Sicilian: Kan Variation: 5 Bd3} 7. Nb3 g6 8. O-O Bg7 9. Nc3 O-O 10. Bg5 h6 11. Bh4 {[%cal Bg5h4,Bh4g3,Bg3d6][%mdl 32] LiveBook: 18 Games} g5 12. Bg3 Ng6 $146 (12... Ne5 $11) ({Predecessor:} 12... Ne5 13. Be2 N7g6 14. Qd2 b6 15. f3 {0-1 (38) Jakovenko,D (2759)-Artemiev,V (2671) Chita 2015}) 13. Bd6 $16 Re8 14. c5 b5 15. cxb6 Qxb6 16. Na4 Qd8 17. Nd2 (17. Re1 $14) 17... Nce5 $11 18. Nc4 Nxc4 19. Bxc4 Bb7 20. Nc5 Bc6 21. Nxa6 (21. Rb1 $11) 21... Bxe4 22. Nc7 Bxb2 23. Nxe8 Qxe8 24. Re1 Bxa1 25. Qxa1 {[#]} (25. Rxe4 $15 Bb2 26. a4) 25... Bc6 (25... Bxg2 $142 $1 {[%mdl 512] ...Nh4 is the strong threat.} 26. Kxg2 Qc8) 26. Bd3 Qd8 (26... Nf4 $17 27. Bf1 f5) 27. Bxg6 $1 fxg6 28. a3 Qa5 29. Rd1 Qf5 30. Qd4 Qe4 {[%csl Gc6][%cal Re4g2]} 31. f3 Qxd4+ 32. Rxd4 $15 {[%mdl 4096] Endgame KRB-KRB} Ra6 33. Kf2 Kf7 34. Ke3 Kf6 35. Bb4 Kf7 (35... d5 $15) 36. Rd6 (36. Bd6 $1 $11) 36... Rb6 37. h3 Rb5 38. Kf2 Rb8 39. Ke3 Rb7 40. Kf2 Rb5 41. Kg3 Ke8 42. Kf2 Kd8 43. Rd2 Kc7 44. Bd6+ Kb7 45. Ke3 h5 46. Rd4 Rb3+ 47. Rd3 Rb2 48. Rd2 Rb1 49. Rd4 Bb5 50. Rb4 Re1+ 51. Kf2 $1 {[%cal Rf2e1]} Rf1+ 52. Ke3 {And now a4 would win.} Kc6 53. Rd4 $2 (53. Be7 $15) 53... Re1+ $19 54. Kf2 Re2+ 55. Kg1 Ra2 (55... e5 $19 {and Black stays clearly on top.} 56. Rb4 g4 57. hxg4 hxg4) 56. Bb4 d5 57. Rd2 Ra1+ 58. Kf2 Rc1 59. Kg3 Rc4 60. Be7 g4 61. hxg4 hxg4 62. f4 d4 {[%cal Bd5d4,Bd4d3][%mdl 32]} 63. Kxg4 Kd5 64. Kg5 Rc6 65. Bf6 d3 66. a4 Ba6 67. Rd1 ({White should play} 67. Kxg6 $15 Ke4 68. Bg5) 67... Rc2 $17 68. g4 $2 {[%mdl 8192]} (68. Kxg6 $17 d2 69. Bc3 Rxc3 70. Rxd2+ Ke4 71. Kf6) 68... d2 $19 69. Bc3 Rxc3 70. Rxd2+ {KRB-KR} Bd3 71. Rd1 Ra3 72. Re1 Rxa4 73. Rc1 e5 74. fxe5 Kxe5 75. Rc5+ Kd4 (75... Ke4 $142 76. Kh6 Ke3 77. g5 Rh4+ 78. Kg7 Kf4 79. Rd5 Rh3 80. Kf6 Rf3 81. Re5 Kg4+ 82. Ke7 Rf4 83. Rc5 Bf5 84. Kf6 Re4 85. Rc6 Kh5 86. Rc1 Re6+ 87. Kf7 Kxg5 88. Rh1 Ra6 89. Rg1+ Bg4 90. Rh1 Ra7+ 91. Ke8 Kf6 92. Rf1+ Bf5 93. Kd8 Rd7+ 94. Ke8 Rc7 95. Rd1 Rc8+ 96. Rd8 Rxd8+ 97. Kxd8 g5 98. Kc7 g4 99. Kd6 g3 100. Kd5 g2 101. Kc5 Ke5 102. Kc4 g1=Q 103. Kb4 Qd4+ 104. Kb3 Kf6 105. Ka3 Qc3+ 106. Ka2 Qb4 107. Ka1 Qb1#) 76. Rc8 Ke3 77. Rf8 Be4 78. Kh6 Ra2 79. Kg5 Rf2 80. Rb8 Rf7 81. Rb5 Rd7 82. Ra5 Kf3 83. Rb5 Bd3 84. Rb4 Rd5+ 85. Kh4 Be4 86. Rb8 Rd4 87. Rf8+ Bf5 {Accuracy: White = 44%, Black = 52%.} 0-1

[Event "11th Chennai Open-GM 2019"]
[Site "Chennai"]
[Date "2019.01.25"]
[Round "10"]
[White "Barath Kalyan M"]
[Black "Muthaiah AL"]
[Result "1/2-1/2"]
[WhiteElo "2004"]
[BlackElo "2406"]
[Annotator "TA"]
[PlyCount "77"]
[EventDate "2019.01.18"]
[EventType "swiss"]
[EventCountry "IND"]
[SourceTitle "playchess.com"]
[Source "ChessBase"]
[SourceQuality "1"]

{[%evp 16,77,27,0,6,0,7,0,0,0,-17,-15,0,0,98,104,96,96,100,100,93,68,135,104,104,104,104,104,104,104,104,100,99,100,100,100,127,125,129,127,127,127,132,126,130,121,125,0,126,0,119,109,123,83,128,130,182,178,181,183,131,55,41,66]} 1. c4 e6 2. Nf3 Nf6 3. Nc3 d5 4. d4 Bb4 5. Qa4+ Nc6 6. Bg5 h6 7. Bxf6 Qxf6 8. e3 O-O {D38: Queen's Gambit Declined: Ragozin Defence (4 Nf3 Bb4)} 9. Qb3 {LiveBook: 3 Games} (9. Be2 dxc4 10. a3 Bxc3+ 11. bxc3 Bd7 12. Qxc4 Rac8 13. O-O Na5 14. Qb4 b6 15. Ne5 Rfd8 16. a4 {1-0 (36) Kovalenko,I (2657)-Anand,V (2773) St Petersburg 2018}) 9... Qg6 $146 ({Predecessor:} 9... dxc4 10. Bxc4 Bd6 11. Be2 e5 12. d5 Nb8 13. O-O Nd7 14. Qc2 Qe7 15. Rac1 a6 16. Ne4 {1-0 (44) Mareco,S (2583)-Vishnu,P (2463) Caleta 2015}) 10. O-O-O a5 {The position is equal.} 11. a3 a4 12. Qc2 {And now Qxg6 would win.} Bxc3 13. Qxc3 Bd7 14. h4 Na5 {[#]} (14... Rfb8 $11) 15. Ne5 $1 $16 {[%cal Re5g6]} Nb3+ {[#]} 16. Qxb3 $1 {[%mdl 512]} axb3 {[%csl Gb3][%cal Rg6c2]} 17. Nxg6 fxg6 18. f4 Ra4 (18... c5 $14) 19. cxd5 exd5 20. Bd3 Bg4 21. Rde1 Bf5 22. Kd2 c6 23. Rc1 Bxd3 24. Kxd3 {[%mdl 4096] Endgame KRR-KRR} Ra6 25. g4 Kf7 26. h5 Re8 27. hxg6+ Kxg6 28. Rh5 Re7 29. Rc3 Rb6 30. Rc5 Ra6 31. Rc3 Rb6 $1 32. Rc5 Ra6 33. Re5 Kf7 34. Kc3 Rxe5 35. fxe5 ({Much weaker is} 35. dxe5 $6 Ra4 $11) 35... Kg6 (35... Ra8 $16 {was necessary.}) 36. Kxb3 $18 Kg5 37. Rc1 Kxg4 {[#]} (37... Ra8 $18 38. Kb4 Kxg4) 38. Rg1+ (38. Kb4 $1 $16) 38... Kf3 $14 39. Rxg7 {Accuracy: White = 64%, Black = 61%.} 1/2-1/2